000 00552nam a2200169 4500
001 116224
003 ES-MaACL
005 20230906190648.0
007 t|
008 061121s1921 fr r ||||1| fre d
100 1 _aOsborn, Henry Fairfield.
_987718
245 1 2 _aL'origine et l'evolution de la vie /
_cHenry Fairfield Osborn ; edition française avec préface et notes par Félix Sartiaux.
260 _aParis :
_bCorbeil-Crété,
_c1921.
300 _aXXXV, 304 p. ;
_c24 cm.
700 1 _aSartiaux, Félix.
_9103882
852 _aES-MaACL
_jB-11493
999 _c116224
_d116224